Les premiers ministres Français du XXIème siècle - Statistiques

Statistiques générales
  • Ce quiz a été pris 48 fois
  • Le résultat moyen est 12 sur 14
Statistiques - réponses
Date Réponse % Correct
Juin 2017 - Juillet 2020 Edouard Philippe
98%
Janvier 2024 - Septembre 2024 Gabriel Attal
95%
Septembre 2025 - Aujourd’hui Sébastien Lecornu
95%
Mai 2022 - Janvier 2024 Elisabeth Borne
93%
Décembre 2024 - Septembre 2025 François Bayrou
93%
Septembre 2024 - Décembre 2024 Michel Barnier
86%
Mai 2007 - Mai 2012 François Fillon
82%
Juillet 2020 - Mai 2022 Jean Castex
82%
Mars 2014 - Décembre 2016 Manuel Valls
82%
Décembre 2016 - Mai 2017 Bernard Cazeneuve
75%
Mai 2005 - Mai 2007 Dominique de Villepin
75%
Juin 1997 - Mai 2002 Lionel Jospin
75%
Mai 2012 - Mars 2014 Jean-Marc Ayrault
66%
Mai 2002 - Mai 2005 Jean-Pierre Raffarin
57%
Aucun quiz correspondant
Distribution des résultats
% des personnes avec chaque résultat
Percentile par nombre de réponses
Votre historique - résultats
Vous n’avez pas pris ce quiz